000 00424nam a2200181Ia 4500
001 14277
005 20260306164902.0
008 260306t1965||||xx |||||||||||||| ||spa||
041 _aESP
082 _a511
_bP75
100 _aPolya, George
_eAUT
245 0 _aCómo plantear y resolver problemas
260 _c1965
300 _a215 páginas :
_c22 cm.
650 _aGEN
654 _aCMA
942 _cLIB
_dJUS
_fJUS
_2ddc
_n
999 _c14277
_d14277